000 01088nam a22003257a 4500
003 CHAP
005 20220329143307.0
008 080228d2005 fr abd r 00110 spa d
010 _a94525
011 _a95497
020 _a9076998698
035 _a106123
040 _cCHAP
082 0 4 _a631.3
_bS8
100 1 _aStafford, J.V.
_e, ed.
_9109384
245 1 0 _aPrecision agriculture <U+00B4>05
_c/ed. by J.V. Stafford
260 _aWageningen :
_bWageningen Academic,
_c2005
300 _a1005 p. :
_bilus. ; gráfs. ; cuadros
590 _aBATCH-UPD
_b10
_c20130110
_lUCH01
_h0603
590 _aBATCH-UPD
_b10
_c20130410
_lUCH01
_h0245
590 _aBATCH-UPD
_b10
_c20130914
_lUCH01
_h1759
590 _aCONVERSION
_b10
_c20130109
_lUCH01
_h1352
650 0 4 _aAgricultura
_xInnovaciones tecnológicas.
_91565
650 1 4 _aMaquinaria agrícola.
_971151
650 1 4 _aRecursos naturales
_xAdministración.
_995175
650 1 4 _aSistemas de cultivo.
_9106746
901 _aBK
942 _cLIBRO
949 _a631.3 S8
_bBC
_cLIBRO
_d33724002052827
_eLIBRO
_gI.235619
_h109224
_i106123
_si
_t$1806.75
999 _c94525
_d94525